Southville International School and Colleges
Your cart is empty.
  • Cart
  • Lists
    Public lists Eva Luna New books Lux_list list_1
    Your lists Log in to create your own lists
  • Log in to your account
  • Your cookies
  • Search history
Southville International School and Colleges
  • Advanced search
  • Recent comments
  • Most popular
  • Libraries

Log in to your account

Log in with GOOGLE


If you do not have an external account, but do have a local account, you can still log in:

  1. Home
  2. MARC view: Jackal woman :
Normal view MARC view ISBD view

Jackal woman : (Record no. 12022)

[ view plain ]
MARC details
000 -LEADER
fixed length control field 00535nam a22001817a 4500
003 - CONTROL NUMBER IDENTIFIER
control field PILC
005 - DATE AND TIME OF LATEST TRANSACTION
control field 20151027141616.0
008 - FIXED-LENGTH DATA ELEMENTS--GENERAL INFORMATION
fixed length control field 130924t xxu||||| |||| 00| 0 eng d
020 ## - INTERNATIONAL STANDARD BOOK NUMBER
International Standard Book Number 9780684194356
050 ## - LIBRARY OF CONGRESS CALL NUMBER
Classification number QL 31
Item number .M73P75 1993
082 ## - DEWEY DECIMAL CLASSIFICATION NUMBER
Classification number GS 599.74
Item number P936 1993
100 ## - MAIN ENTRY--PERSONAL NAME
Personal name Pringle, Laurence P.
9 (RLIN) 21480
245 ## - TITLE STATEMENT
Title Jackal woman :
Remainder of title exploring the world of jackals /
Statement of responsibility, etc Pringle, Laurence P.
260 ## - PUBLICATION, DISTRIBUTION, ETC. (IMPRINT)
Place of publication, distribution, etc New York :
Name of publisher, distributor, etc Macmillan Publishing Company,
Date of publication, distribution, etc c1993.
300 ## - PHYSICAL DESCRIPTION
Extent 42 p.
Dimensions 23 cm.
942 ## - ADDED ENTRY ELEMENTS (KOHA)
Source of classification or shelving scheme Library of Congress Classification
Koha item type Books
Holdings
Withdrawn status Lost status Source of classification or shelving scheme Damaged status Home library Current library Shelving location Date acquired Total Checkouts Full call number Barcode Date last seen Copy number Price effective from Koha item type
    Library of Congress Classification   Luxembourg Library Luxembourg Library Grade School Section 09/24/2013   QL 31 .M73P75 1993 3457 09/24/2013 1 09/24/2013 Books

Jackal woman :

APA

Pringle L. P., . (1993). Jackal woman. New York: Macmillan Publishing Company.

Chicago

Pringle Laurence P, . 1993. Jackal woman. New York: Macmillan Publishing Company.

Harvard

Pringle L. P., . (1993). Jackal woman. New York: Macmillan Publishing Company.

MLA

Pringle Laurence P, . Jackal woman. New York: Macmillan Publishing Company. 1993.

  • Place hold
  • Print
  • Cite
  • Add to your cart (remove)
  • Save record
    BIBTEX Dublin Core MARCXML MARC (non-Unicode/MARC-8) MARC (Unicode/UTF-8) MARC (Unicode/UTF-8, Standard) MODS (XML) RIS
  • More searches
    Search for this title in:
    Other Libraries (WorldCat) Other Databases (Google Scholar) Online Stores (Bookfinder.com) Open Library (openlibrary.org)

Exporting to Dublin Core...

SOUTHVILLE LIBRARY

Southville International School and Colleges Library

1281 Tropical Ave. Cor. Luxembourg St., BF Homes International, Las Pinas City

Tel. No. 8256374 / 252358 Loc. 117/146

Powered by Koha